Quiz do Chade - Statistics

Estatísticas Gerais
  • Esse quiz foi jogado 418 vezes
  • A pontuação média é 12 de 17
Estatísticas das Respostas
Dica Resposta % Correto
Deserto que cobre o norte do Chade Saara
96%
Países fronteiriços Níger
92%
Países fronteiriços Sudão
90%
Países fronteiriços Líbia
89%
Línguas oficiais Francês
88%
Países fronteiriços Nigéria
88%
País europeu cuja bandeira é quase idêntica à do Chade Romênia
88%
Estilo de casamento comum, com 39% das mulheres vivendo em tal união {Poli}gamia
84%
Países fronteiriços R. Centro-Africana
84%
Línguas oficiais Árabe
76%
Isto representa 96% das exportações do Chade Óleo
76%
Países fronteiriços Camarões
74%
Capital N'Djamena
63%
Maior setor da economia chadiana Agricultura
58%
O Chade recebeu seu nome por um ____ Lago
38%
Fruta que cresce nas palmeiras em oásis do acima Tâmaras
32%
Segunda maior cidade Moundou
22%
Nenhum quiz correspondente encontrado
Distribuição das Pontuações
Porcentagem de Pessoas com Cada Pontuação
Percentil de Números Respondidos
Sua Pontuação Histórica
Você não jogou esse quiz